| 000 | 00788cam a2200241 a 4500 | ||
|---|---|---|---|
| 001 | 122 | ||
| 003 | BR-CuiBMT | ||
| 005 | 20231117000316.0 | ||
| 008 | 230816s2021 mgb 000 0 por d | ||
| 020 | _a9786555180992 | ||
| 040 |
_aBR-CuiBMT _cBR-CuiBMT |
||
| 080 |
_22007 _a35.078.3 |
||
| 090 |
_a35.078.3 _bL732c |
||
| 100 | 1 |
_aLima, Luiz Henrique, _d1960- |
|
| 245 | 1 | 0 |
_aControle externo contemporâneo : _breflexões, debates e polêmicas sobre o futuro dos tribunais de contas no Estado democrático / _cLuiz Henrique Lima. |
| 260 |
_aBelo Horizonte : _bFórum, _c2021. |
||
| 300 |
_a174 p. ; _c21 cm |
||
| 504 | _aInclui bibliografia. | ||
| 650 |
_aControle externo _zBrasil |
||
| 650 |
_aTribunais de contas _zBrasil |
||
| 650 |
_aFinanças públicas _xAuditoria |
||
| 942 |
_2udc _cLV |
||
| 999 |
_c122 _d122 |
||